000
00316nam a2200109Ia 4500
008
200302s9999 xx 000 0 und d
100
_a
Stephen Dobney
245
_a
The Master Architect Series III Harry Seidler Selected and Current Works
260
_b
Images Publishing Group Ltd.
260
_c
1997
300
_a
256 P.,
999
_c
2103
_d
2103